000
00237 a2200097 4500
001
52713
100
_a
Barna A
245
_a
Introduction to Microcomputers & Microprocessors
260
_a
New York
_b
John Wiley
_c
090
_c
33157
_d
33157
942
_a
NUST-CAE
_c
M
_c
25733
999
_c
287786
_d
287786